000 00396nam a2200169Ia 4500
003 LK-CoDNM
008 010623t2011 xxu||||| |||| 00| 1 sin d
040 _aLK-CoDNM
_dLK-CoDNM
_eLK-CoDNM
041 _asin
080 _a294.3 NAN
100 _aNanda himi,Payagala
245 _aබව දුක
246 _aBawa Duka
260 _bS.n.
_aS.I.
_c2011
300 _b124, 21 cm
942 _cBK
999 _c131352
_d131352